Προβλήματα φυσικής

Αποθηκεύτηκε σε:
Λεπτομέρειες βιβλιογραφικής εγγραφής
Άλλοι συγγραφείς: Κανέλλος, Σπύρος Γ.
Μορφή: Βιβλίο
Γλώσσα:Greek
Δημοσίευση: Αθήναι : Παπαδημητρόπουλος, 1966-1969.
Θέματα:
Ετικέτες: Προσθήκη ετικέτας
Δεν υπάρχουν, Καταχωρήστε ετικέτα πρώτοι!

MARC

LEADER 00000cam a2200000 i 4500
001 1/19265
008 120508m19691966gr | ||| |||| ||gre||
035 |l 10112368 
040 |a GR-MyUA  |b gre  |e AACR2 
041 0 |a gre 
082 7 |a 530.076   |2 (22) 
245 0 0 |a Προβλήματα φυσικής /   |c Σ. Κανέλλου [κ.ά].  
260 |a Αθήναι :   |b Παπαδημητρόπουλος,   |c 1966-1969.  
300 |a 3 τ. σε 1 (441, 91, 115 σ.) ;   |c 21 εκ.  
500 |a Συγγραφείς αυτού του βιβλίου : Σ. Κανέλλος, Η. Κουγιουμτζοπούλου, Λ. Γεωργίου και Ι. Παπουτσάνη.  
501 |a Δεμένο με: Τ.1. Μηχανική - Θερμότης. -- τ.2. Κυμάνσεις - ακουστική - οπτική. -- τ.3. Ηλεκτρισμός - πυρηνική.  
505 8 |a Τ. 1. Μηχανική - Θερμότης. Περιέχονται 1ον) Περίληψις της θεωρίας. 2ον) Τα 647 προβλήματα τα σιδόμενα ώς ασκήσεις εις το βιβλίον "Μηχανική-Θερμότης" του Σ. Γ. Κανέλλου. 3ον) Αι λύσεις των ανωτέρω 647 προβλημάτων -- τ. 2. Κυμάνσεις - ακουστική - οπτική (Διά τους μαθητάς των Φυσικομαθηματικών τμημάτων των Λυκείων και δια τους υποψηφίου; του Ακαδημαϊκού Απολυτηρίου Β'.) -- τ. 3. Ηλεκτρισμός - πυρηνική. Περιέχονται μετά των λύσεώντων πάντα τά προβλήματα τά διδόμενα πρός είς τό βιβλίον "Ηλεκτρισμός - Πυρηνική" τής Σειράς Φυσικής, Σ. Γ. Κανέλλου.  
650 0 0 |a Physics  |x Problems, exercises, etc. 
650 0 0 |a Mechanics  |x Problems, exercises, etc. 
650 0 0 |a Heat  |x Problems, exercises, etc. 
650 0 0 |a Sound  |x Problems, exercises, etc. 
650 0 0 |a Optics  |x Problems, exercises, etc. 
650 0 0 |a Nuclear physics  |x Problems, exercises, etc. 
700 1 |a Κανέλλος, Σπύρος Γ. 
852 |a INST  |b SAMOS  |c MAG  |e 20201007  |h 530.076 ΠΡΟ  |p 005300034803  |q 005300034803  |t NOLOAN  |v τομ.1:  |y 0 
852 |a INST  |b SAMOS  |c MAG  |e 20201007  |h 530.076 ΠΡΟ  |p 005300046759  |q 005300046759  |t NOLOAN  |v τομ.1:  |y 0 
853 |a INST  |b SAMOS  |c MAG  |h 530.076 ΠΡΟ 
901 |a BIBL3-2012-1 
920 |a ΜΑΓΕΙΡΑΣ  |b ΠΑΝΑΓΙΩΤΗΣ  |y Σάμος  |z 2008-09 
970 |a ΓΟΥΒΑΛΑ  |b ΒΑΣΩ  |z 2012/05/08